LEADER 00785nam0-22002651i-450- 001 990001154300403321 035 $a000115430 035 $aFED01000115430 035 $a(Aleph)000115430FED01 035 $a000115430 100 $a--------d--------km-y0itay50------ba 101 0 $aeng 200 1 $a<>Course of Modern Analysis$fE. T. Whittaker$gG. N. Watson. 210 $aCambridge$cCambridge University Press$d1915. 610 0 $aAnalisi matematica 676 $a515 700 1$aWhittaker,$bEdmund Taylor$f<1873-1956>$0123012 702 1$aWatson,$bGeorge Neville$f<1886-1965> 801 0$aIT$bUNINA$gRICA$2UNIMARC 901 $aBK 912 $a990001154300403321 952 $a2-D-16$b04271$fMA1 959 $aMA1 996 $aCourse of modern analysis$9329765 997 $aUNINA LEADER 00907nam0-22003251i-450 001 9910309527803321 005 20190301130121.0 010 $a978-3-406-68250-6 035 $a000785336 035 $aFED01000785336 035 $a(Aleph)000785336FED01 035 $a000785336 100 $a20040129d2016----km-y0itay50------ba 101 0 $ager 102 $aDE 105 $ay---n---001yy 200 1 $aInsolvenzordnung$eInsO mit EuInsVOlz$fherausgegeben von Karsten Schmidt 205 $a19. Auflage 210 $aMünchen$cC.H. Beck$d2016 215 $aXXXVIII, 2700 p.$d21 cm 225 1 $aBeck'sche Kurz=Kommentare$v27 676 $a346.430 66$v21$zita 702 1$aSchmidt,$bKarsten 801 0$aIT$bUNINA$gRICA$2UNIMARC 901 $aBK 912 $a9910309527803321 952 $aXVIII 32 (27. 19. ED)$b2018/846$fFGBC 959 $aFGBC 996 $aInsolvenzordnung$91430506 997 $aUNINA